| 000 | 00367nam a22001337a 4500 | ||
|---|---|---|---|
| 008 | 190619b xxu||||| |||| 00| 0 eng d | ||
| 020 | _a9966-44-331-2 | ||
| 082 | _a346.02 HOD | ||
| 100 | _aHODGIN, R.W. | ||
| 245 |
_aLAW OF CONTRACT IN EAST AFRICA _cR.W. HODGIN |
||
| 260 |
_aKenya _bKenya Literature Bureau _c2007 |
||
| 300 | _axxxiii, 317p. : 18cm. | ||
| 942 |
_2ddc _cBK |
||
| 999 |
_c8629 _d8629 |
||